Szczegóły MARC21

Jak się dogadać czyli retoryka codzienna /

003 -Nazwa inst., której nr kontr. jest w polu 001 [,]
    • @
    • Nazwa instytucji, której n kontrolny jest w polu 001
    • NUKAT
005 -DATA I CZAS OSTATNIEJ MODYFIKACJI [,]
    • @
    • pole kontrolne
    • 20241231114112.0
020 -Międzynarod. znormalizowany nr książki - ISBN [ , ]
    • a
    • Numer ISBN
    • 9788324053537 Find
040 -Instytucja sporządzająca opis [ , ]
    • a
    • Instytucja, która sporządziła opis (NP)
    • KR U/AB
    • b
    • Język katalogowania
    • pol
    • e
    • Zasady katalogowania
    • rda
    • c
    • Instytucja, która sporządziła rekord (NP)
    • KR U/AB
    • d
    • Instytucja, która zmodyfikowała rekord (P)
    • WR U/JH
    • d
    • Instytucja, która zmodyfikowała rekord (P)
    • WR U/JHs
    • d
    • Instytucja, która zmodyfikowała rekord (P)
    • WA M/ES
    • d
    • Instytucja, która zmodyfikowała rekord (P)
    • GD 27/BRs
942 -Rodzaj dokumentu [ , ]
    • c
    • Rodzaj dokumentu
    • Książka
100 -Hasło główne - nazwa osobowa [1, ]
    • a
    • Nazwa osobowa (NP)
    • Rusinek, Michał
    • d
    • Daty biograficzne (NP)
    • (1972- ).
    • e
    • Rodzaj współpracy
    • Autor
    • 9
    • KHW
    • 250967
240 -Tytuł ujednolicony [1,0]
    • a
    • Tytuł ujednolicony
    • Retoryka podręczna czyli Jak wnikliwie słuchać i przekonująco mówić
    • l
    • Język tekstu
    • (pol.)
    • 9
    • KHW
    • 501338
245 -Strefa tytułu i oznaczenia odpowiedzialności [1,0]
    • a
    • Tytuł
    • Jak się dogadać czyli retoryka codzienna / Find
    • c
    • Pozostałe elementy strefy tytułu i oznaczenia odpowiedzialności (NP)
    • Michał Rusinek, Aneta Załazińska.
246 -Wariant tytułu [1,0]
    • a
    • Tytuł (NP)
    • Retoryka codzienna
250 -Strefa wydania [ , ]
    • a
    • Oznaczenie wydania (NP)
    • Wydanie I (III).
260 -Strefa adresu wydawniczego [ , ]
    • a
    • Miejsce wydania (P)
    • Kraków :
    • b
    • Nazwa wydawcy (P)
    • Wydawnictwo Znak,
    • c
    • Data wydania (P)
    • 2018.
300 -Strefa opisu fizycznego [ , ]
    • a
    • Określenie formy książki i/lub objętość (NP)
    • 367, [1] strona :
    • b
    • Oznaczenie ilustracji (NP)
    • ilustracje ;
    • c
    • Format (NP)
    • 22 cm +
    • e
    • Oznaczenie dokumentu towarzyszącego (NP)
    • 1 dysk optyczny (DVD).
336 -Typ zawartości [ , ]
    • a
    • Termin opisujący typ zawartości
    • Tekst
    • b
    • Kod określający zawartość
    • txt
    • 2
    • Źródło (terminu i kodu)
    • rdacontent
336 -Typ zawartości [ , ]
    • a
    • Termin opisujący typ zawartości
    • Obraz ruchomy 2D
    • b
    • Kod określający zawartość
    • tdi
    • 2
    • Źródło (terminu i kodu)
    • rdacontent
337 -Typ mediów [ , ]
    • a
    • Tryb odtwarzania
    • Bez urządzenia pośredniczącego
    • b
    • Kod typu mediów
    • n
    • 2
    • Źródło (terminu i kodu)
    • rdamedia
337 -Typ mediów [ , ]
    • a
    • Tryb odtwarzania
    • Wideo
    • b
    • Kod typu mediów
    • v
    • 2
    • Źródło (terminu i kodu)
    • rdamedia
338 -Typ/rodzaj nośnika [ , ]
    • a
    • Hasło opisujące typ nośnika
    • Wolumin
    • b
    • Kod typu nośnika
    • nc
    • 2
    • Źródło (terminu i kodu)
    • rdacarrier
338 -Typ/rodzaj nośnika [ , ]
    • a
    • Hasło opisujące typ nośnika
    • Płyta wideo
    • b
    • Kod typu nośnika
    • vd
    • 2
    • Źródło (terminu i kodu)
    • rdacarrier
500 -Uwaga ogólna [ , ]
    • a
    • Uwaga ogólna (NP)
    • DVD zawiera wszystkie odcinki cyklicznego programu emitowanego w TVP1 pt.: Retoryka poranna, czyli poradnik nie tylko językowy.
504 -Uwaga dot. bibliogr. załącznikowej [ , ]
    • a
    • Uwaga dot. bibliografii załącznikowej
    • Bibliografia na stronach 365-[368].
650 -Hasło przedmiotowe [ ,7]
    • a
    • Hasło przedmiotowe
    • Komunikacja interpersonalna
    • v
    • Określnik formalny
    • poradniki.
    • 2
    • Źródło terminu
    • kaba
    • 9
    • KHW
    • 359092
650 -Hasło przedmiotowe [ ,7]
    • a
    • Hasło przedmiotowe
    • Retoryka
    • v
    • Określnik formalny
    • poradniki.
    • 2
    • Źródło terminu
    • kaba
    • 9
    • KHW
    • 360404
650 -Hasło przedmiotowe [ ,7]
    • a
    • Hasło przedmiotowe
    • Sztuka mówienia
    • v
    • Określnik formalny
    • poradniki.
    • 2
    • Źródło terminu
    • kaba
    • 9
    • KHW
    • 398479
700 -Hasło dodatkowe - nazwa osobowa [1, ]
    • a
    • Nazwa osobowa (NP)
    • Załazińska, Aneta Find
    • d
    • Daty biograficzne (NP)
    • (1976- ).
    • e
    • Określenie rodzaju współpracy
    • Autor
    • 9
    • KHW
    • 92459
710 -Hasło dodatkowe - nazwa ciała zbiorowego [2, ]
    • a
    • Nazwa ciała zbiorowego lub nazwa geograficzna jako pierwszy element (NP)
    • Społeczny Instytut Wydawniczy Znak.
    • e
    • Rodzaj współpracy
    • Wydawca
    • 4
    • Kod relacji
    • pbl
    • 9
    • KHW
    • 53029
856 -Dostęp do wersji elektronicznej [4,8]
    • 3
    • Wyszczególnienie materiału
    • Okładka
920 -ISBN [ , ]
    • a
    • ISBN
    • 978-83-240-5353-7 Find
Status udost. Sygnatura Data inwentaryzacji Lokalizacja Numer inwentarzowy
1POL. Poradniki 192019-06-13BMP.27350